000 00707cam a2200229 4500
001 J60657
008 000000n2000 000 0 eng u
035 _a(Sirsi) u104063
041 _aeng
050 _a333.336
110 _aInsignia Richard Ellis
_93847
245 _aIndustrial property quarterly monitor. Winter 2000, Summer 2000 & Autumn 2000
260 _aLondon
_bInsignia Richard Ellis
_c2000
300 _a3 parts. ; 30cm.
520 _aUntil February 2000 the company was known as Richard Ellis St. Quintin
650 _aINDUSTRIAL PROPERTY
650 _aRENTAL VALUES
650 _aCAPITAL VALUES
650 _aTOTAL RETURNS
690 _aPROPERTY-COMMERCIAL PROPERTY
942 _n0
999 _c100210
_d100210